[Event "Jack Taylor mem Online"]
[Site "chess.com"]
[Date "2020.10.25"]
[Round "6.10"]
[White "He, Matthew"]
[Black "Bedward, Raemur"]
[Result "1-0"]
[WhiteElo "1769"]
[BlackElo "1304"]
[PlyCount "143"]
[EventDate "2020.10.24"]
[EventType "swiss (rapid)"]
[EventRounds "6"]
[EventCountry "CAN"]

1. d4 Nf6 2. c4 g6 3. Nc3 d5 4. cxd5 Nxd5 5. Bd2 Bg7 6. e4 Nxc3 7. Bxc3 O-O 8.
Qd2 b6 9. f4 Bb7 10. Qe3 Nd7 11. Nf3 Nf6 12. Bd3 Ng4 13. Qe2 Rc8 14. Rd1 c5 15.
d5 Bxc3+ 16. bxc3 Qc7 17. g3 c4 18. Bb1 Qc5 19. Nd4 Nf6 20. g4 Rfe8 21. h4 Qa5
22. Qf3 Nxd5 23. exd5 Bxd5 24. Be4 Bxe4 25. Qxe4 Qxc3+ 26. Kf2 e5 27. fxe5 Qb2+
28. Qe2 Qxe2+ 29. Kxe2 Rxe5+ 30. Kf2 b5 31. Rhe1 Rd5 32. Nc2 Rdc5 33. Rd4 a5
34. a3 R8c7 35. Red1 h5 36. g5 Rf5+ 37. Kg3 Rcc5 38. Ne3 Rfe5 39. Kf4 Re8 40.
Rd8 Kf8 41. Rxe8+ Kxe8 42. Rd5 Rxd5 43. Nxd5 Kd7 44. Ke4 Kd6 45. Kd4 Kc6 46.
Ne7+ Kd6 47. Nd5 a4 48. Nc3 b4 49. axb4 a3 50. Kxc4 Ke5 51. b5 Kf4 52. b6 Kg3
53. b7 Kxh4 54. b8=Q Kxg5 55. Qg3+ Kh6 56. Kd4 a2 57. Nxa2 f6 58. Qf4+ Kg7 59.
Ke3 g5 60. Qf5 Kf7 61. Nc3 h4 62. Ne4 h3 63. Qxf6+ Ke8 64. Qe6+ Kd8 65. Qxh3 g4
66. Qxg4 Kc7 67. Qe6 Kb7 68. Qd6 Ka7 69. Qc6 Kb8 70. Qd7 Ka8 71. Nc5 Kb8 72.
Qb7# 1-0

[Event "JtM Sunshine op Online"]
[Site "chess.com"]
[Date "2020.07.25"]
[Round "1.1"]
[White "Linnick, Mark"]
[Black "Imoo, Joshua"]
[Result "1-0"]
[WhiteElo "1989"]
[BlackElo "1544"]
[PlyCount "61"]
[EventDate "2020.07.25"]
[EventType "swiss (rapid)"]
[EventRounds "5"]
[EventCountry "CAN"]

1. b3 d5 2. Bb2 Nf6 3. e3 Bg4 4. Be2 Bxe2 5. Qxe2 a6 6. f4 e6 7. Nf3 c5 8. d3
Nc6 9. O-O Be7 10. Ne5 d4 11. Nxc6 bxc6 12. e4 Rb8 13. Nd2 O-O 14. Nc4 Qc7 15.
Rf3 Nh5 16. Raf1 Nf6 17. Bc1 Rfe8 18. f5 e5 19. Rh3 Bf8 20. Bg5 Qe7 21. g4 Rb5
22. a4 Rbb8 23. Bh4 Rbc8 24. g5 Nd7 25. g6 f6 26. gxh7+ Kh8 27. Qh5 Rb8 28. Nd2
Rb7 29. Nf3 Nb6 30. Be1 Nc8 31. Nh4 1-0

[Event "JtM Sunshine op Online"]
[Site "chess.com"]
[Date "2020.07.25"]
[Round "1.2"]
[White "Lupini, Elliot"]
[Black "Sharma, Vishruth"]
[Result "0-1"]
[WhiteElo "1509"]
[BlackElo "1608"]
[PlyCount "44"]
[EventDate "2020.07.25"]
[EventType "swiss (rapid)"]
[EventRounds "5"]
[EventCountry "CAN"]

1. d4 Nf6 2. c4 d6 3. Nc3 Nbd7 4. e4 e5 5. Nf3 g6 6. Bg5 Bg7 7. d5 h6 8. Be3
O-O 9. Bd3 a5 10. O-O Ng4 11. Bd2 Nc5 12. Qc2 Nxd3 13. Qxd3 f5 14. exf5 gxf5
15. Qe2 e4 16. Ne1 Be5 17. f4 Bd4+ 18. Kh1 Nxh2 19. Qh5 Nxf1 20. Qg6+ Bg7 21.
Bc1 Qh4+ 22. Kg1 Qxe1 0-1

[Event "JtM Sunshine op Online"]
[Site "chess.com"]
[Date "2020.07.25"]
[Round "1.3"]
[White "Harris, Philip"]
[Black "D'Souza, Carina"]
[Result "1/2-1/2"]
[WhiteElo "1961"]
[BlackElo "1484"]
[PlyCount "40"]
[EventDate "2020.07.25"]
[EventType "swiss (rapid)"]
[EventRounds "5"]
[EventCountry "CAN"]

1. d4 Nf6 2. Nc3 d5 3. Bg5 h6 4. Bh4 e6 5. f3 c5 6. e3 Nc6 7. Nh3 Be7 8. Bb5
O-O 9. O-O a6 10. Bxc6 bxc6 11. Qd2 Kh8 12. Rad1 g5 13. Bg3 Nh5 14. e4 Nxg3 15.
hxg3 f5 16. Nf2 Rg8 17. g4 dxe4 18. fxe4 fxg4 19. Nxg4 Qxd4+ 20. Qxd4+ cxd4
1/2-1/2

[Event "JtM Sunshine op Online"]
[Site "chess.com"]
[Date "2020.07.25"]
[Round "1.4"]
[White "Qian, Jessica"]
[Black "Tang, Edward"]
[Result "1-0"]
[WhiteElo "1476"]
[BlackElo "1957"]
[PlyCount "69"]
[EventDate "2020.07.25"]
[EventType "swiss (rapid)"]
[EventRounds "5"]
[EventCountry "CAN"]

1. e4 e5 2. Nf3 Nc6 3. Bc4 Nf6 4. Ng5 d5 5. exd5 Na5 6. Bb5+ c6 7. dxc6 bxc6 8.
Bd3 Nd5 9. Nf3 Bd6 10. O-O O-O 11. Re1 Qc7 12. Bf1 Bg4 13. h3 Bh5 14. Nc3 f5
15. d3 Rae8 16. Bd2 Nxc3 17. Bxc3 e4 18. dxe4 fxe4 19. Bxa5 Qxa5 20. Qxd6 exf3
21. Rxe8 Rxe8 22. Qxc6 fxg2 23. Bc4+ Kh8 24. Qd5 Qxd5 25. Bxd5 Re2 26. Rc1 Bg6
27. c4 Rxb2 28. c5 Rb1 29. Rxb1 Bxb1 30. Be6 Be4 31. Bd7 Kg8 32. c6 Kf8 33. c7
Bb7 34. c8=Q+ Bxc8 35. Bxc8 1-0

[Event "JtM Sunshine op Online"]
[Site "chess.com"]
[Date "2020.07.25"]
[Round "1.5"]
[White "McKim, Fred"]
[Black "Dixit, Mohan"]
[Result "0-1"]
[WhiteElo "1942"]
[BlackElo "1464"]
[PlyCount "36"]
[EventDate "2020.07.25"]
[EventType "swiss (rapid)"]
[EventRounds "5"]
[EventCountry "CAN"]

1. d4 Nf6 2. c4 e6 3. Nc3 d5 4. Bg5 Be7 5. Nf3 h6 6. Bh4 O-O 7. e3 Nbd7 8. Qc2
b6 9. cxd5 Nxd5 10. Bg3 Bb7 11. Nxd5 Bxd5 12. Rc1 c5 13. dxc5 Bxc5 14. a3 Rc8
15. Qd1 Qf6 16. Bb5 Qxb2 17. Bxd7 Bb4+ 18. axb4 Rxc1 0-1

[Event "JtM Sunshine op Online"]
[Site "chess.com"]
[Date "2020.07.25"]
[Round "1.17"]
[White "Feng, Jason"]
[Black "Cerovina, Milan"]
[Result "1-0"]
[WhiteElo "1597"]
[BlackElo "1244"]
[PlyCount "85"]
[EventDate "2020.07.25"]
[EventType "swiss (rapid)"]
[EventRounds "5"]
[EventCountry "CAN"]

1. e4 c5 2. Nf3 d6 3. c3 Nf6 4. Be2 e6 5. d3 Be7 6. O-O b6 7. Re1 Bb7 8. Bf1
Nbd7 9. a4 Qc7 10. Nbd2 h6 11. d4 g5 12. e5 dxe5 13. Nxe5 Nxe5 14. dxe5 Nd5 15.
Bb5+ Bc6 16. Bxc6+ Qxc6 17. Ne4 O-O-O 18. Qe2 Nf4 19. Bxf4 gxf4 20. Qf3 Qb7 21.
Rad1 Rd5 22. Qxf4 Bg5 23. Nxg5 hxg5 24. Qxg5 Rhd8 25. Rxd5 Qxd5 26. h3 Qb3 27.
Qf6 Rd7 28. Qf3 Kb8 29. Qc6 Qd5 30. Qxd5 Rxd5 31. Kf1 Rd2 32. Re2 Rd1+ 33. Re1
Rd2 34. b4 cxb4 35. cxb4 Rb2 36. Re4 a5 37. bxa5 bxa5 38. h4 Rb4 39. Rxb4+ axb4
40. Ke2 Ka7 41. Kd3 Kb6 42. Kc4 Ka5 43. Kb3 1-0

[Event "JtM Sunshine op Online"]
[Site "chess.com"]
[Date "2020.07.25"]
[Round "2.1"]
[White "Koukpari, Tiam"]
[Black "Linnick, Mark"]
[Result "1-0"]
[WhiteElo "1595"]
[BlackElo "1989"]
[PlyCount "171"]
[EventDate "2020.07.25"]
[EventType "swiss (rapid)"]
[EventRounds "5"]
[EventCountry "CAN"]

1. d4 f5 2. Bf4 Nf6 3. e3 d6 4. Nf3 Be6 5. Nbd2 h6 6. h3 g5 7. Bh2 Bg7 8. c3
Nbd7 9. Bd3 d5 10. Ne5 Nxe5 11. Bxe5 Qd7 12. Qb3 c6 13. c4 Kf7 14. c5 Ne4 15.
Bxg7 Nxd2 16. Kxd2 Kxg7 17. Qc2 Rhf8 18. f4 gxf4 19. exf4 Qc7 20. g3 Bd7 21.
Rae1 e6 22. Rhf1 Qa5+ 23. Qc3 Qxc3+ 24. Kxc3 Kf6 25. a4 Rg8 26. Rg1 Rg7 27. b4
Rag8 28. Re3 a6 29. Be2 Be8 30. g4 Bd7 31. Reg3 Be8 32. Re3 Bg6 33. Reg3 Bh7
34. Bd3 fxg4 35. Bxh7 Rxh7 36. hxg4 Rhg7 37. Kd3 h5 38. g5+ Kf5 39. Ke3 h4 40.
Rh3 Rh7 41. Kf3 a5 42. bxa5 Ra8 43. Re1 Rxa5 44. Re5+ Kg6 45. Kg4 Kf7 46. f5
exf5+ 47. Kxf5 Rh5 48. Kg4 Rh8 49. Rf3+ Kg7 50. Re7+ Kg8 51. Rxb7 Rh7 52. Rxh7
Kxh7 53. Kxh4 Rxa4 54. Rf7+ Kg6 55. Rf6+ Kg7 56. Rxc6 Rxd4+ 57. Kh5 Ra4 58.
Rc7+ Kg8 59. Kg6 Kf8 60. Rd7 d4 61. c6 Ra6 62. Rxd4 Rxc6+ 63. Kh7 Rc7+ 64. Kh6
Rc1 65. Rd8+ Ke7 66. Rb8 Rh1+ 67. Kg7 Ra1 68. Rb7+ Ke6 69. g6 Rh1 70. Kg8 Rg1
71. g7 Rg2 72. Rb6+ Ke7 73. Kh7 Rh2+ 74. Rh6 Rxh6+ 75. Kxh6 Kf7 76. Kh7 Kf6 77.
g8=Q Kf5 78. Qg7 Ke4 79. Qf6 Kd3 80. Qf4 Ke2 81. Kg6 Kd1 82. Kf5 Ke2 83. Ke4
Kd1 84. Qf2 Kc1 85. Kd3 Kd1 86. Qd2# 1-0

[Event "JtM Sunshine op Online"]
[Site "chess.com"]
[Date "2020.07.25"]
[Round "2.2"]
[White "Sharma, Vishruth"]
[Black "Feng, Jason"]
[Result "1/2-1/2"]
[WhiteElo "1585"]
[BlackElo "1597"]
[PlyCount "52"]
[EventDate "2020.07.25"]
[EventType "swiss (rapid)"]
[EventRounds "5"]
[EventCountry "CAN"]

1. e4 e5 2. Nf3 Nc6 3. Bb5 Nf6 4. d3 Bc5 5. O-O O-O 6. Bxc6 dxc6 7. Nxe5 Bd6 8.
Nf3 Bg4 9. h3 Bh5 10. Re1 Re8 11. Bg5 h6 12. Bxf6 Qxf6 13. Nc3 Rad8 14. g4 Bg6
15. a3 Bf4 16. Kg2 h5 17. Ne2 hxg4 18. hxg4 Bxe4 19. Nc3 Bd5 20. Rxe8+ Rxe8 21.
Nxd5 cxd5 22. c3 Qg6 23. Nd4 Qh7 24. Nf3 Qg6 25. Nd4 Qh7 26. Nf3 Qg6 1/2-1/2

[Event "JtM Sunshine op Online"]
[Site "chess.com"]
[Date "2020.07.25"]
[Round "2.3"]
[White "Heran-Boily, Samuel"]
[Black "Cheng, Clement"]
[Result "1-0"]
[WhiteElo "1795"]
[BlackElo "1555"]
[PlyCount "73"]
[EventDate "2020.07.25"]
[EventType "swiss (rapid)"]
[EventRounds "5"]
[EventCountry "CAN"]

1. e4 c5 2. Nf3 e6 3. Nc3 Nc6 4. Bb5 Nd4 5. O-O a6 6. Be2 Ne7 7. d3 Nec6 8. Re1
Be7 9. Bf1 O-O 10. Nxd4 Nxd4 11. Ne2 d5 12. Ng3 f5 13. c3 Nc6 14. exf5 exf5 15.
d4 f4 16. Ne2 f3 17. Ng3 Bg5 18. dxc5 Bxc1 19. Rxc1 fxg2 20. Bxg2 Kh8 21. Qxd5
Qf6 22. Rc2 Ne7 23. Qe5 Ng6 24. Qxf6 gxf6 25. Rce2 Bd7 26. Bxb7 Rad8 27. Bxa6
Bh3 28. Bb7 Nf4 29. Rc2 Rfe8 30. Rec1 Nd3 31. Rd1 Nxc5 32. Rxd8 Rxd8 33. Bg2
Rd1+ 34. Nf1 Bf5 35. Rd2 Ra1 36. Rd5 Bd3 37. Rxc5 1-0

[Event "JtM Sunshine op Online"]
[Site "chess.com"]
[Date "2020.07.25"]
[Round "2.4"]
[White "Srinivas, Atharva"]
[Black "Diemecke, Pablo"]
[Result "0-1"]
[WhiteElo "1752"]
[BlackElo "1554"]
[PlyCount "168"]
[EventDate "2020.07.25"]
[EventType "swiss (rapid)"]
[EventRounds "5"]
[EventCountry "CAN"]

1. e4 d5 2. exd5 c6 3. dxc6 Nxc6 4. Nf3 e5 5. d3 Bd6 6. Nc3 a6 7. Ne4 Bc7 8. h3
Nge7 9. Be2 O-O 10. O-O f5 11. Nc3 Qd6 12. Be3 f4 13. Bc1 Nf5 14. Ne4 Qg6 15.
b3 b6 16. Bb2 Bb7 17. Qd2 Rac8 18. Rac1 h6 19. Rfe1 Bb8 20. Bf1 Rcd8 21. Qe2
Rde8 22. Red1 Nfd4 23. Nxd4 exd4 24. Qg4 Qf7 25. Ba3 Ne5 26. Qe2 f3 27. Qd2 Qg6
28. Kh1 Rf7 29. Re1 Rd8 30. Bb2 Nc6 31. Qd1 Rdf8 32. Ba3 Re8 33. Qd2 Re6 34.
Rcd1 Bf4 35. Re3 dxe3 36. fxe3 Bc7 37. gxf3 Rxf3 38. Bg2 Rf7 39. Rg1 Qh5 40.
Ng3 Bxg3 41. Bb2 Rf2 42. Qc1 Ne5 43. e4 Nf3 44. Rf1 Qh4 45. Rxf2 Bxf2 46. Qf1
Qg3 47. Bxf3 Qxf3+ 48. Kh2 Rg6 49. Bd4 Bg3+ 50. Kg1 Qxf1+ 51. Kxf1 Bh2 52. c3
Rg3 53. Be5 Rxh3 54. Kg2 Rxd3 55. Kxh2 Bxe4 56. Kg1 b5 57. Kf2 Bd5 58. Ke2 Rh3
59. Kd2 Kf7 60. b4 Bxa2 61. Bd4 Bc4 62. Ke1 Rf3 63. Kd2 g5 64. Ke1 g4 65. Kd2
Ke6 66. Ke1 Kf5 67. Kd2 h5 68. Ke1 h4 69. Kd2 h3 70. Bg1 g3 71. Kc2 h2 72. Be3
h1=Q 73. Bc1 Rxc3+ 74. Kxc3 Qxc1+ 75. Kd4 g2 76. Kc5 g1=R 77. Kd4 Rg4+ 78. Kc5
Qg1+ 79. Kc6 Rg6+ 80. Kb7 Bd5+ 81. Kb8 Qg3+ 82. Ka7 Qe3+ 83. Kb8 Rg7 84. Kc8
Qe8# 0-1

[Event "JtM Sunshine op Online"]
[Site "chess.com"]
[Date "2020.07.25"]
[Round "2.5"]
[White "Liu, Harrison (Hangchen)"]
[Black "Qian, Jessica"]
[Result "0-1"]
[WhiteElo "1701"]
[BlackElo "1476"]
[PlyCount "114"]
[EventDate "2020.07.25"]
[EventType "swiss (rapid)"]
[EventRounds "5"]
[EventCountry "CAN"]

1. e4 e5 2. Nf3 Nc6 3. Bc4 Nf6 4. d3 Bc5 5. c3 d6 6. Bb3 O-O 7. Nbd2 Re8 8. h3
d5 9. Qe2 dxe4 10. dxe4 Be6 11. Bc2 Nh5 12. Nxe5 Bxf2+ 13. Kxf2 Qh4+ 14. Kg1
Nxe5 15. Nf3 Nxf3+ 16. Qxf3 Ng3 17. Rh2 Bd5 18. Bf4 Nxe4 19. Rd1 c6 20. g3 Qf6
21. Re2 Ng5 22. Rxe8+ Rxe8 23. Qf1 Nf3+ 24. Kf2 g5 25. Rxd5 cxd5 26. Kxf3 gxf4
27. gxf4 Qe6 28. Bd3 Qe3+ 29. Kg2 Kh8 30. Kh2 Rg8 31. Kh1 Rg3 32. Bf5 Rf3 33.
Qg1 Qxg1+ 34. Kxg1 Rxf4 35. Bg4 Kg7 36. Kg2 d4 37. Kg3 Re4 38. Kf3 Re3+ 39. Kf2
Kf6 40. cxd4 Re4 41. Bf3 Rxd4 42. Bxb7 Rd2+ 43. Ke3 Rxb2 44. Be4 Rxa2 45. Bxh7
Ra3+ 46. Bd3 Ra5 47. Kf4 Rd5 48. Ba6 Rd6 49. Be2 a5 50. Ke3 a4 51. Bd3 Kg5 52.
Bc4 f6 53. Kf3 Kh4 54. Kg2 Rd2+ 55. Kf3 Rd4 56. Be6 a3 57. Kg2 Rd2+ 0-1

[Event "JtM Sunshine op Online"]
[Site "chess.com"]
[Date "2020.07.25"]
[Round "3.1"]
[White "Diemecke, Pablo"]
[Black "Heran-Boily, Samuel"]
[Result "0-1"]
[WhiteElo "1554"]
[BlackElo "1795"]
[PlyCount "142"]
[EventDate "2020.07.25"]
[EventType "swiss (rapid)"]
[EventRounds "5"]
[EventCountry "CAN"]

1. e4 e6 2. d4 d5 3. e5 c5 4. dxc5 Nc6 5. Nf3 Bxc5 6. c3 Qc7 7. Bf4 Nge7 8. Bd3
Ng6 9. Bxg6 hxg6 10. Bg3 Ne7 11. O-O Bd7 12. Nbd2 Nf5 13. Bf4 Bb5 14. Nb3 Bxf1
15. Qxf1 a6 16. Qd3 Be7 17. h3 Qc4 18. Qd2 Rc8 19. Re1 b5 20. Rc1 Qa4 21. Ra1
b4 22. Nbd4 bxc3 23. bxc3 Nxd4 24. Nxd4 O-O 25. Ne2 Rc4 26. Rb1 Rfc8 27. g3 d4
28. Nxd4 Rxc3 29. Rb7 R3c7 30. Rb3 Bc5 31. Nf3 Ba7 32. Rd3 Qe8 33. Ne1 Bc5 34.
Bg5 Be7 35. Be3 Rc1 36. Kh2 R1c7 37. Bb6 Rb7 38. Be3 Rd8 39. Rxd8 Qxd8 40. Qe2
Rb1 41. Nf3 Qd1 42. Qxd1 Rxd1 43. Kg2 Ra1 44. Nd4 Rxa2 45. Nc6 Bf8 46. Kf3 a5
47. Nd4 a4 48. Nb5 Rb2 49. Nd6 a3 50. Bd4 Rd2 51. Ba1 Bxd6 52. exd6 Rxd6 53.
Be5 Rd5 54. Bc3 a2 55. Bb2 Rd1 56. Ke2 a1=Q 57. Bxa1 Rxa1 58. Kf3 f5 59. Kf4
Kf7 60. g4 Ra4+ 61. Kg5 fxg4 62. hxg4 Ra5+ 63. Kh4 Kf6 64. f4 g5+ 65. fxg5+
Rxg5 66. Kg3 e5 67. Kf3 Rg6 68. Kg3 Rh6 69. Kf3 Kg5 70. Kg3 Rh4 71. Kf3 Rxg4
0-1

[Event "JtM Sunshine op Online"]
[Site "chess.com"]
[Date "2020.07.25"]
[Round "3.3"]
[White "Qian, Jessica"]
[Black "Geng, Li"]
[Result "1/2-1/2"]
[WhiteElo "1476"]
[BlackElo "1655"]
[PlyCount "90"]
[EventDate "2020.07.25"]
[EventType "swiss (rapid)"]
[EventRounds "5"]
[EventCountry "CAN"]

1. e4 d5 2. exd5 Qxd5 3. Nc3 Qd6 4. Nf3 Nf6 5. Be2 a6 6. O-O e6 7. d4 Be7 8.
Re1 O-O 9. g3 b5 10. Bf4 Qb6 11. Ne5 Bb7 12. Bf3 Nbd7 13. Nxd7 Nxd7 14. Nd5
Bxd5 15. Bxd5 Rad8 16. Bg2 c5 17. d5 Nf6 18. Qe2 Nxd5 19. Be5 Bf6 20. Bxf6 Nxf6
21. a4 bxa4 22. Rxa4 Qxb2 23. Rxa6 Qc3 24. Rc6 Rd2 25. Qe3 Rxc2 26. Qxc3 Rxc3
27. Re5 Rc1+ 28. Bf1 Nd5 29. Re4 g6 30. Rc4 Rd1 31. R6xc5 Ra8 32. Rc1 Ra1 33.
Rxa1 Rxa1 34. Kg2 Ra2 35. Bd3 Ne3+ 36. Kf3 Nd1 37. Be2 Rd2 38. Ra5 h5 39. h4
Kg7 40. Rc5 f6 41. Rc7+ Kf8 42. Rc6 Ke7 43. Rc7+ Kf8 44. Rc6 Ke7 45. Rc7+ Kf8
1/2-1/2

[Event "JtM Sunshine op Online"]
[Site "chess.com"]
[Date "2020.07.25"]
[Round "3.4"]
[White "Landstrom, William"]
[Black "Koukpari, Tiam"]
[Result "1/2-1/2"]
[WhiteElo "1653"]
[BlackElo "1595"]
[PlyCount "124"]
[EventDate "2020.07.25"]
[EventType "swiss (rapid)"]
[EventRounds "5"]
[EventCountry "CAN"]

1. e4 c5 2. Nf3 Nc6 3. d4 cxd4 4. Nxd4 e5 5. Nb5 d6 6. N1c3 a6 7. Na3 Nf6 8.
Bg5 Be7 9. Bxf6 Bxf6 10. Be2 O-O 11. O-O Be6 12. Nd5 b5 13. c3 Bxd5 14. Qxd5
Qc7 15. Rad1 Rfd8 16. Nc2 Ne7 17. Qd3 d5 18. exd5 Nxd5 19. Qe4 Nf4 20. Bf3 Rxd1
21. Rxd1 Rd8 22. Rxd8+ Qxd8 23. Nb4 a5 24. Nc6 Qd2 25. h3 Qxb2 26. Nxe5 Ne6 27.
Qa8+ Nf8 28. Nd7 Be7 29. g3 Qxc3 30. Kg2 Qd2 31. Bd5 Qd4 32. Nxf8 Bxf8 33. Qb7
Qf6 34. Qxb5 Qd8 35. Qb3 Qc7 36. Qf3 g6 37. h4 h5 38. Qf6 Qd7 39. Qxg6+ Bg7 40.
Qxh5 Kf8 41. Bf3 Qc7 42. Qd5 Bf6 43. h5 Qe5 44. Qxe5 Bxe5 45. Bd5 Kg7 46. f4
Bc3 47. g4 f6 48. Kf3 Kh6 49. Ke4 Ba1 50. Kf5 Bc3 51. Bf7 Bd2 52. Bg6 Be3 53.
Kxf6 Bxf4 54. Bf5 Bd2 55. a3 Bg5+ 56. Ke6 a4 57. Bc2 Bc1 58. Kf6 Bxa3 59. g5+
Kxh5 60. Bxa4 Bb2+ 61. Kf5 Kh4 62. g6 Kh5 1/2-1/2

[Event "JtM Sunshine op Online"]
[Site "chess.com"]
[Date "2020.07.25"]
[Round "3.5"]
[White "Guo, Anni"]
[Black "Sharma, Vishruth"]
[Result "1-0"]
[WhiteElo "1858"]
[BlackElo "1560"]
[PlyCount "69"]
[EventDate "2020.07.25"]
[EventType "swiss (rapid)"]
[EventRounds "5"]
[EventCountry "CAN"]

1. e4 e5 2. Nf3 Nc6 3. Bb5 a6 4. Bxc6 dxc6 5. d3 Bd6 6. Be3 Ne7 7. Nbd2 O-O 8.
h3 Be6 9. O-O h6 10. d4 Ng6 11. dxe5 Nxe5 12. Nd4 Bd7 13. f4 Ng6 14. f5 Ne5 15.
f6 Ng6 16. fxg7 Kxg7 17. Nf5+ Bxf5 18. exf5 Qe8 19. Re1 Qe5 20. Bxh6+ Kxh6 21.
Rxe5 Nxe5 22. Ne4 Rad8 23. Qd2+ Kh7 24. Nf6+ Kg7 25. Qg5+ Ng6 26. fxg6 fxg6 27.
Ng4 Bf4 28. Qc5 Rf7 29. Qc3+ Kh7 30. Nf6+ Kh6 31. Rf1 g5 32. g3 Bd2 33. Qf3 g4
34. Nxg4+ Kg5 35. Qxf7 1-0

[Event "JtM Sunshine op Online"]
[Site "chess.com"]
[Date "2020.07.25"]
[Round "3.7"]
[White "Feng, Jason"]
[Black "D'Souza, Carina"]
[Result "1/2-1/2"]
[WhiteElo "1597"]
[BlackElo "1484"]
[PlyCount "36"]
[EventDate "2020.07.25"]
[EventType "swiss (rapid)"]
[EventRounds "5"]
[EventCountry "CAN"]

1. e4 d5 2. exd5 Nf6 3. Bb5+ Nbd7 4. Nc3 a6 5. Be2 g6 6. d3 Bg7 7. Be3 O-O 8.
Qd2 b5 9. Bh6 b4 10. Bxg7 Kxg7 11. Ne4 Nxd5 12. Bf3 Bb7 13. h4 f5 14. Ng5 Rf6
15. h5 h6 16. Bxd5 Bxd5 17. N5f3 g5 18. Qxb4 e5 1/2-1/2

[Event "JtM Sunshine op Online"]
[Site "chess.com"]
[Date "2020.07.25"]
[Round "4.1"]
[White "Heran-Boily, Samuel"]
[Black "Monkhouse, Neale"]
[Result "1-0"]
[WhiteElo "1795"]
[BlackElo "1673"]
[PlyCount "107"]
[EventDate "2020.07.25"]
[EventType "swiss (rapid)"]
[EventRounds "5"]
[EventCountry "CAN"]

1. e4 c5 2. Nf3 Nc6 3. Bb5 g6 4. c3 Bg7 5. d4 cxd4 6. cxd4 Nf6 7. Nc3 O-O 8.
O-O d6 9. h3 a6 10. Bxc6 bxc6 11. Bf4 Bb7 12. Qd2 Qa5 13. Bh6 Rac8 14. Bxg7
Kxg7 15. e5 dxe5 16. dxe5 Nd5 17. Rac1 Nxc3 18. Qxc3 Qxc3 19. Rxc3 Rfd8 20.
Rfc1 Rd5 21. Kf1 a5 22. Rc5 Rcd8 23. Ke1 Rxc5 24. Rxc5 Rd5 25. Rxd5 cxd5 26.
Nd4 e6 27. Nb3 a4 28. Nc5 Bc6 29. Kd2 Kf8 30. Kc3 Ke8 31. Kb4 Kd8 32. Nxa4 Kc7
33. Nc5 Kb6 34. a4 h6 35. a5+ Ka7 36. Nb3 Ka6 37. g3 Be8 38. Nc5+ Ka7 39. Kc3
Bb5 40. b4 Kb8 41. Kd4 Ka7 42. Nb3 Bc4 43. Nd2 Bb5 44. Kc5 Ka6 45. Nb3 Bf1 46.
h4 h5 47. Nd4 Bd3 48. Kd6 g5 49. hxg5 Bg6 50. Ke7 h4 51. gxh4 Bh5 52. Kf6 Bg6
53. Kg7 Bh5 54. Kh6 1-0

[Event "JtM Sunshine op Online"]
[Site "chess.com"]
[Date "2020.07.25"]
[Round "4.2"]
[White "Koukpari, Tiam"]
[Black "Guo, Anni"]
[Result "1/2-1/2"]
[WhiteElo "1595"]
[BlackElo "1858"]
[PlyCount "99"]
[EventDate "2020.07.25"]
[EventType "swiss (rapid)"]
[EventRounds "5"]
[EventCountry "CAN"]

1. d4 Nf6 2. Bf4 e6 3. e3 b6 4. Nd2 Bb7 5. h3 c5 6. c3 d5 7. Ngf3 Nbd7 8. Be2
Rc8 9. O-O Be7 10. Ne5 O-O 11. Nxd7 Qxd7 12. Nf3 Bd6 13. Bxd6 Qxd6 14. Bd3 Ne4
15. Nd2 c4 16. Bxe4 dxe4 17. Qg4 f5 18. Qe2 Bd5 19. f3 exf3 20. Nxf3 Bxf3 21.
Rxf3 b5 22. Raf1 g6 23. e4 Rce8 24. exf5 exf5 25. Re3 Rxe3 26. Qxe3 a6 27. Re1
Kf7 28. Qh6 Kg8 29. Re5 Qd7 30. Qe3 Kf7 31. Kf2 Re8 32. Qh6 Kg8 33. Rxe8+ Qxe8
34. Qe3 Qd7 35. Qe5 Kf7 36. Ke3 Qe6 37. Kf4 h6 38. h4 Qf6 39. Qd5+ Qe6 40.
Qxe6+ Kxe6 41. g4 fxg4 42. Kxg4 Kd6 43. Kf4 Ke6 44. a3 Kd6 45. Ke4 Ke6 46. Kf4
Kd6 47. Kg4 Ke6 48. Kf3 Kf5 49. Ke3 Ke6 50. Kf4 1/2-1/2

[Event "JtM Sunshine op Online"]
[Site "chess.com"]
[Date "2020.07.25"]
[Round "4.3"]
[White "Geng, Li"]
[Black "Landstrom, William"]
[Result "1/2-1/2"]
[WhiteElo "1655"]
[BlackElo "1653"]
[PlyCount "135"]
[EventDate "2020.07.25"]
[EventType "swiss (rapid)"]
[EventRounds "5"]
[EventCountry "CAN"]

1. d4 d6 2. c4 Nf6 3. Nf3 Nbd7 4. Nc3 e5 5. e4 Be7 6. Be2 c6 7. O-O Qc7 8. Be3
O-O 9. Qc2 b6 10. d5 Bb7 11. b3 Rac8 12. Rac1 Rfe8 13. Nh4 Nxd5 14. cxd5 Bxh4
15. Nb5 Qb8 16. dxc6 Rxc6 17. Qd2 Rxc1 18. Rxc1 Be7 19. Nc7 Rc8 20. Nd5 Rxc1+
21. Qxc1 Kf8 22. f3 Nc5 23. Nxe7 Kxe7 24. b4 Ne6 25. Bc4 Nd8 26. Qc2 Qc8 27.
Qb3 Ba6 28. b5 Bb7 29. a4 Qc7 30. h3 Bc8 31. Bg5+ f6 32. Bh4 Be6 33. Bxe6 Nxe6
34. Bg3 g5 35. Qa2 h5 36. h4 gxh4 37. Bxh4 Qc1+ 38. Kh2 Qf4+ 39. Bg3 Qg5 40.
Qd5 h4 41. Qb7+ Ke8 42. Qc8+ Nd8 43. Be1 Qf4+ 44. Kh1 Qh6 45. Bb4 h3 46. Qxh3
Qxh3+ 47. gxh3 Ke7 48. h4 Ne6 49. h5 Nc5 50. a5 Kf7 51. axb6 axb6 52. Kg2 Kg7
53. Kg3 Kf7 54. Kg4 Kg7 55. Kf5 Nb3 56. Bxd6 Nd4+ 57. Kg4 Nxb5 58. Bb8 Nd4 59.
Bc7 b5 60. Bd6 Nc6 61. Kf5 b4 62. h6+ Kf7 63. h7 Nd4+ 64. Kg4 Kg7 65. Bxb4 Kxh7
66. f4 exf4 67. Kxf4 Kg6 68. Be7 1/2-1/2

[Event "JtM Sunshine op Online"]
[Site "chess.com"]
[Date "2020.07.25"]
[Round "4.4"]
[White "Pawelko, Alexander"]
[Black "Qian, Jessica"]
[Result "1-0"]
[WhiteElo "1455"]
[BlackElo "1476"]
[PlyCount "75"]
[EventDate "2020.07.25"]
[EventType "swiss (rapid)"]
[EventRounds "5"]
[EventCountry "CAN"]

1. d4 d5 2. c4 c6 3. Nf3 Nf6 4. Nc3 e6 5. e3 Be7 6. Qc2 h6 7. Be2 Nbd7 8. O-O
O-O 9. Rd1 dxc4 10. Bxc4 Nb6 11. Be2 Nbd5 12. Bd2 Nxc3 13. Bxc3 b6 14. e4 Bb7
15. Rac1 Rc8 16. a4 a5 17. Ne5 Qc7 18. Bf3 Rcd8 19. Nd3 Ne8 20. h3 Nf6 21. b3
Nh7 22. g3 Ng5 23. Bg2 f5 24. exf5 exf5 25. Bb2 Bd6 26. Kh2 f4 27. Ne5 fxg3+
28. fxg3 Bxe5 29. dxe5 Rxd1 30. Rxd1 c5 31. h4 Nf3+ 32. Bxf3 Rxf3 33. Qe2 Qe7
34. e6 Bc6 35. Ba1 Rxb3 36. Qe5 Ra3 37. Rd8+ Be8 38. Rxe8+ 1-0

[Event "JtM Sunshine op Online"]
[Site "chess.com"]
[Date "2020.07.25"]
[Round "4.5"]
[White "Tang, Edward"]
[Black "Feng, Jason"]
[Result "1/2-1/2"]
[WhiteElo "1957"]
[BlackElo "1597"]
[PlyCount "57"]
[EventDate "2020.07.25"]
[EventType "swiss (rapid)"]
[EventRounds "5"]
[EventCountry "CAN"]

1. d4 Nf6 2. c4 e6 3. Nc3 Bb4 4. e3 c5 5. a3 Bxc3+ 6. bxc3 Nc6 7. Bd3 e5 8. Ne2
e4 9. Bc2 d6 10. O-O O-O 11. Ng3 Bg4 12. f3 exf3 13. gxf3 Bh3 14. Re1 Re8 15.
e4 Nd7 16. Be3 Nb6 17. Bd3 Na5 18. f4 Nbxc4 19. Qh5 Bd7 20. e5 g6 21. Qh6 f5
22. Bf2 dxe5 23. fxe5 Be6 24. Kh1 Qd5+ 25. Kg1 cxd4 26. cxd4 Qd7 27. h4 Qg7 28.
Qf4 Rad8 29. Kh2 1/2-1/2

[Event "JtM Sunshine op Online"]
[Site "chess.com"]
[Date "2020.07.25"]
[Round "5.1"]
[White "Pawelko, Alexander"]
[Black "Heran-Boily, Samuel"]
[Result "1/2-1/2"]
[WhiteElo "1455"]
[BlackElo "1795"]
[PlyCount "115"]
[EventDate "2020.07.25"]
[EventType "swiss (rapid)"]
[EventRounds "5"]
[EventCountry "CAN"]

1. d4 d5 2. c4 e6 3. Nc3 Nf6 4. Bg5 Be7 5. e3 O-O 6. Nf3 c6 7. Qc2 Nbd7 8. Rd1
b6 9. Bd3 h6 10. Bh4 Bb7 11. O-O Rc8 12. Ne2 c5 13. Qb3 cxd4 14. Nexd4 Nc5 15.
Qc2 Nxd3 16. Qxd3 Rxc4 17. Ne5 Rc8 18. Rc1 Qd6 19. Bg3 Qd8 20. Rc2 Rxc2 21.
Qxc2 Ne4 22. Bf4 g5 23. Bg3 Nxg3 24. hxg3 Bf6 25. Nxe6 fxe6 26. Qg6+ Bg7 27.
Qxe6+ Kh7 28. Qg6+ Kh8 29. Nf7+ Rxf7 30. Qxf7 Qc8 31. g4 Bxb2 32. Qf5 Qxf5 33.
gxf5 Kg7 34. g4 Kf6 35. Rd1 Be5 36. f3 a6 37. Kf2 Ke7 38. Rb1 b5 39. a4 Bc6 40.
axb5 Bxb5 41. Rc1 Kd7 42. Rh1 Bg7 43. f4 gxf4 44. exf4 d4 45. g5 Ke8 46. gxh6
Bh8 47. Ke1 d3 48. Kd2 Kf7 49. h7 Kg7 50. Ke3 a5 51. Rb1 Bc4 52. Ra1 Kxh7 53.
Rxa5 Bc3 54. Rc5 d2 55. Rc7+ Kg8 56. Rd7 Bb3 57. Rxd2 Bxd2+ 58. Kxd2 1/2-1/2